[Event "Spring op"]
[Site "Budapest"]
[Date "1990.??.??"]
[Round "1"]
[White "Bukhman, Eduard"]
[Black "Kovacs Sax, B."]
[Result "1-0"]
[WhiteElo "2430"]
[BlackElo "2085"]

1.d4 Nf6 2.Bg5 Ne4 3.Bf4 d6 4.f3 Nf6 5.e4 Nbd7 6.c3 e5 7.Be3 g6 8.Qd2 Bg7
9.d5 O-O 10.g4 Ne8 11.h4 Qe7 12.h5 f5 13.hxg6 hxg6 14.gxf5 gxf5 15.Qg2 f4
16.Bf2 Ndf6 17.c4 Bd7 18.Nc3 a6 19.Bh4 Rb8 20.Nh3 b5 21.Ng5 c6 22.dxc6 Bxc6
23.cxb5 Bxb5 24.Bxb5 axb5 25.Qc2 Nc7 26.Qb3+ Rf7 27.Qxf7+ Qxf7 28.Nxf7 Kxf7
29.Bxf6 Kxf6 30.O-O-O  1-0

[Event "Spring op"]
[Site "Budapest"]
[Date "1990.??.??"]
[Round "8"]
[White "Uskova, Fliura"]
[Black "Anka, Emil"]
[Result "0-1"]
[WhiteElo "2290"]
[BlackElo "2390"]

1.d4 Nf6 2.Bg5 Ne4 3.Bf4 d5 4.e3 c5 5.f3 Qa5+ 6.c3 Nf6 7.Bd3 Nc6 8.Nd2 e6
9.Bg5 c4 10.Bc2 Be7 11.f4 e5 12.Bxf6 gxf6 13.Qh5 Ba3 14.bxa3 Qxc3 15.Rc1 Qxe3+
16.Ne2 Nxd4 17.Ba4+ Kf8 18.Rc3 Qxe2+ 19.Qxe2 Nxe2 20.Kxe2 a6 21.Nf3 b5 22.Bd1 d4
23.Rc1 Bb7 24.Kf2 Rg8 25.Re1 Re8 26.g3 d3 27.Re3 exf4 28.Rxe8+ Kxe8 29.gxf4 Rg4
30.Ke3 Rg2 31.a4 Rxa2 32.axb5 Bxf3 33.Bxf3 axb5 34.Bc6+ Kf8 35.Bxb5 d2 36.Rf1 Rc2
37.Rd1 c3 38.Bd3 Rc1 39.Be2 Ke7 40.Ke4 Kd6 41.Kd4 Kc7 42.Kc5 Rb1  0-1

[Event "Elekes mem"]
[Site "Budapest"]
[Date "1990.??.??"]
[Round "9"]
[White "Tseitlin, Mikhail S"]
[Black "Foldi, Istvan"]
[Result "1-0"]
[WhiteElo "2465"]
[BlackElo "2350"]

1.d4 Nf6 2.Bg5 Ne4 3.Bf4 d5 4.Nd2 Bf5 5.e3 e6 6.Bd3 Bd6 7.Bxe4 Bxe4 8.Nxe4 dxe4
9.Qg4 O-O 10.Ne2 f5 11.Qg3 Nc6 12.O-O-O Qe7 13.h4 Rad8 14.h5 Nb4 15.Kb1 Qf7
16.h6 g6 17.Be5 Nc6 18.f4 exf3 19.gxf3 Nxe5 20.dxe5 Bc5 21.f4 Qe7 22.Rd3 Rd7
23.Rhd1 Rfd8 24.Nc1 Qf7 25.Nb3 Bf8 26.Qh4 Rxd3 27.cxd3 Qe7 28.Qxe7 Bxe7 29.Nd4 Kf7
30.Nf3 Rd5 31.Kc2 Rc5+ 32.Kd2 Ra5 33.Rc1 c6 34.a3 Rb5 35.Rc2 Bf8 36.Ng5+ Ke7
37.Nxh7 Bxh6 38.Kc1 Kf7 39.Rh2 Kg7 40.Nf6 g5 41.Rg2 g4 42.Ne8+ Kg6 43.Nc7 Rb6
44.Nxe6 c5 45.Nc7 Bf8 46.Kc2 Rc6 47.Nd5 b5 48.e4 c4 49.Ne3 fxe4 50.Rxg4+ Kh5
51.Rg5+ Kh4 52.dxe4 c3 53.Nf5+ Kh3 54.Rg3+ Kh2 55.Rxc3 Rg6 56.Rc8  1-0

[Event "Cannes op"]
[Site "Cannes"]
[Date "1990.??.??"]
[Round "1"]
[White "Stranjakovitch, Jean"]
[Black "Manolov, Ivan"]
[Result "1/2-1/2"]
[WhiteElo "2150"]
[BlackElo "2380"]

1.d4 Nf6 2.Bg5 Ne4 3.Bf4 d5 4.Nd2 Nf6 5.e3 g6 6.Ngf3 Bg7 7.Bd3 O-O 8.h3 c5
9.c3 Nc6 10.O-O Nd7 11.Qa4 e5 12.dxe5 Ndxe5 13.Bb5 a6 14.Rad1 Bd7 15.Bxc6 Bxc6
16.Qc2 Nxf3+ 17.Nxf3 Qa5 18.Ne5 Bb5 19.Rfe1 Rfd8 20.b3 f6 21.Ng4 g5 22.Bg3 h5
23.Nxf6+ Bxf6 24.Qg6+ Bg7 25.Be5 Rd7 26.Rxd5 Rf7 27.Bxg7 Rxg7 28.Qe6+ Kh7
29.Qf5+ Kh8 30.Qf6 Kh7 31.Qf5+ Rg6 32.Red1 Qxc3 33.Re5 Rg8 34.Rd6 Kh8 35.Rxg6 Rxg6
36.Qf8+ Kh7 37.Qf7+ Kh6 38.Qf8+ Rg7 39.Qf6+ Kh7 40.Qf5+ Kg8 41.Qc8+ Kh7  1/2-1/2

[Event "Cannes op"]
[Site "Cannes"]
[Date "1990.??.??"]
[Round "1"]
[White "Klaric, Zlatko"]
[Black "Naudier, S."]
[Result "1-0"]
[WhiteElo "2400"]
[BlackElo "2170"]

1.d4 Nf6 2.Bg5 Ne4 3.Bf4 c5 4.f3 Nf6 5.d5 Qb6 6.e4 e6 7.Nc3 exd5 8.exd5 d6
9.Bb5+ Nbd7 10.Qe2+ Be7 11.O-O-O Kf8 12.Nh3 a6 13.Rhe1 Ne5 14.Bc4 Bxh3 15.gxh3 Nfd7
16.Ne4 Qd8 17.Bxe5 Nxe5 18.f4 Ng6 19.Qf3 Nh4 20.Qf2 g6 21.Ng3 b5 22.Bd3 Bf6
23.f5 c4 24.Be4 c3 25.fxg6 cxb2+ 26.Kb1 hxg6 27.Rf1 Kg7 28.Bd3 Rf8 29.Rg1 Be5
30.Ne4 Qe7 31.Rdf1 Rh8 32.Ng5 Bf6 33.Re1 Qa7 34.Qg3 Rae8 35.Ne6+ fxe6 36.Bxg6 Re7
37.dxe6 Qd4 38.Bf7+ Kf8 39.Qg8+  1-0

[Event "Cannes op"]
[Site "Cannes"]
[Date "1990.??.??"]
[Round "7"]
[White "Zimmermann, Walter"]
[Black "Kiss, Pal"]
[Result "1-0"]
[WhiteElo "2040"]
[BlackElo "2300"]

1.d4 Nf6 2.Bg5 Ne4 3.Bf4 d5 4.f3 Nf6 5.Nc3 c5 6.e4 cxd4 7.Qxd4 Nc6 8.Bb5 Bd7
9.Qd2 dxe4 10.fxe4 e6 11.e5 Nh5 12.O-O-O Nxf4 13.Qxf4 Qc7 14.Nf3 Be7 15.Kb1 O-O
16.Qe4 a6 17.Bd3 g6 18.h4 Nb4 19.h5 Bc6 20.Qe3 Nxd3 21.Rxd3 Rfd8 22.Rxd8+ Rxd8
23.hxg6 fxg6 24.Ng5 Bxg5 25.Qxg5 Rf8 26.Rd1 Rf5 27.Rd8+ Kg7 28.Qd2 Rf1+ 29.Nd1 Bd5
30.Rd6 Qa5 31.Kc1 Qxa2 32.Rd7+ Kg8 33.Qe2 Qa1+ 34.Kd2 Qa5+ 35.c3 Rf7 36.Rxf7 Kxf7
37.Qf2+ Kg8 38.Qf6 Qb6 39.g3 a5 40.Qe7 a4 41.Qe8+ Kg7 42.Qd7+ Kh6 43.Qxa4 Qd8
44.Qf4+ Qg5 45.Qxg5+ Kxg5 46.Ne3 Be4 47.c4 h5 48.Kc3 b6 49.Kd4 Bb7 50.b4 h4
51.gxh4+ Kxh4 52.b5 Kg3 53.c5 bxc5+ 54.Kxc5 Kf4 55.Kd6 Kxe3 56.Kxe6 g5 57.Kd7 g4
58.e6 g3 59.e7 g2 60.e8=Q+ Be4 61.Qe5  1-0

[Event "Copenhagen K41"]
[Site "Copenhagen"]
[Date "1990.??.??"]
[Round "1"]
[White "Jepson, Christian"]
[Black "Thorhallsson, Throstur"]
[Result "0-1"]
[WhiteElo "2265"]
[BlackElo "2405"]

1.d4 Nf6 2.Bg5 Ne4 3.Bh4 g5 4.f3 gxh4 5.fxe4 c5 6.e3 Bh6 7.Kf2 Qb6 8.Nc3 Qxb2
9.Nb5 cxd4 10.exd4 Kd8 11.Nf3 a6 12.Rb1 Qxa2 13.Nc3 Qe6 14.Qe1 b5 15.Nd5 Nc6
16.Bd3 Qd6 17.c4 bxc4 18.Bxc4 e6 19.e5 Qa3 20.Nf6 Na5 21.Ra1 Qb2+ 22.Be2 Nc4
23.Ng4 Bf4 24.Rb1 Qc2 25.g3 h5 26.gxf4 hxg4 27.Rc1 Qb2 28.Rb1 Qa3 29.Qc1 gxf3
30.Bxc4 Qxc1 31.Rhxc1 Rg8 32.Kxf3 Ra7 33.d5 Bb7 34.Ke3 exd5 35.Bxd5 Bc8 36.Rb8 Rc7
37.Ra1 Ke7 38.Rxa6  0-1

[Event "Dieren op"]
[Site "Dieren"]
[Date "1990.??.??"]
[Round "4"]
[White "Van der Werf, Mark"]
[Black "Heintze, Marion"]
[Result "1-0"]
[WhiteElo "2365"]
[BlackElo "2250"]

1.d4 Nf6 2.Bg5 Ne4 3.Bf4 d5 4.Nd2 Bf5 5.Nxe4 Bxe4 6.e3 e6 7.Nf3 Bd6 8.Bg3 O-O
9.Bd3 Bxd3 10.Qxd3 c5 11.dxc5 Bxc5 12.O-O Nc6 13.a3 Be7 14.Rad1 Qb6 15.b4 Rfd8
16.c4 dxc4 17.Qxc4 Rxd1 18.Rxd1 Rd8 19.Rc1 Bd6 20.Bxd6 Rxd6 21.b5 Ne7 22.h3 Ng6
23.Kh2 f6 24.Nd4 Nf8 25.a4 Rd7 26.g3 Qd6 27.Kg1 Qd5 28.Qxd5 exd5 29.Rc8 Kf7
30.Ra8 b6 31.Nc6 Ne6 32.Nxa7 d4 33.exd4 Nxd4 34.Nc8 Nf3+ 35.Kg2 Ne1+ 36.Kf1  1-0

[Event "Dieren op"]
[Site "Dieren"]
[Date "1990.??.??"]
[Round "7"]
[White "Wilgenhof, Otto"]
[Black "Markus, John Raymond"]
[Result "0-1"]
[WhiteElo "2220"]
[BlackElo "2265"]

1.d4 Nf6 2.Bg5 Ne4 3.Bh4 g5 4.f3 gxh4 5.fxe4 d5 6.exd5 Qxd5 7.Nc3 Qa5 8.e3 Bg7
9.Nf3 Bg4 10.Qd3 c6 11.Nxh4 Qh5 12.g3 Nd7 13.Be2 O-O-O 14.Bxg4 Qxg4 15.Qf5 h5
16.O-O Bf6 17.Qxg4 hxg4 18.Nf5 Rh7 19.Ne4 Rdh8 20.Nxf6 Nxf6 21.Nh4 Rg8 22.Rae1 Ne4
23.Rf4 Ng5 24.Kg2 Nh3 25.Rf5 e6 26.Rf6 Kd7 27.Rff1 f5 28.c4 Kd6 29.Rd1 Rc7
30.Rd2 Ng5 31.Rfd1 Ne4 32.Re2 Nf6 33.Kg1 Rh7 34.d5 cxd5 35.cxd5 exd5 36.Nxf5+ Ke5
37.Rf1 Rg5 38.Nh4 Ne4 39.Rc2 Re7 40.Rc8 Nd6 41.Rcf8 Rc7 42.R8f6 Nc4 43.Ng6+ Ke4
44.Re6+ Kd3 45.Rf2 Nd2 46.Nf4+ Kc2 47.Rd6 Rc6 48.Rd7 Kc1 49.Nxd5 Nf3+ 50.Kh1 Rc2
51.Nb4 Rxf2 52.Nd3+ Kd2 53.Nxf2+ Ke2 54.Kg2 Ne1+ 55.Kg1 Rf5 56.h4 Nf3+ 57.Kg2 Ne1+
58.Kg1 Nf3+ 59.Kg2 Ne5  0-1

[Event "BCF-ch"]
[Site "Eastbourne"]
[Date "1990.??.??"]
[Round "?"]
[White "Wall, Tim"]
[Black "Plaskett, Jim"]
[Result "0-1"]
[WhiteElo "2280"]
[BlackElo "2470"]

1.d4 Nf6 2.Bg5 Ne4 3.h4 c5 4.dxc5 Nxg5 5.hxg5 Na6 6.Nf3 Nxc5 7.Nc3 Qa5 8.Rh4 Ne6
9.g6 fxg6 10.Qd3 g5 11.b4 Qa3 12.Rc4 g6 13.Nxg5 Nxg5 14.Qd4 Rg8 15.Nb5 Ne6
16.Qd5 Qb2 17.Rd1 Kf7 18.e3 Bg7 19.Rf4+ Bf6 20.Bc4 Kg7 21.Nd4 Qxb4+ 22.Kf1 Rf8
23.Rf3 Nxd4 24.Rxd4 e6 25.Qe4 d5  0-1

[Event "Ermua"]
[Site "Ermua"]
[Date "1990.??.??"]
[Round "6"]
[White "Echegaray, P."]
[Black "Alvarez Ibarra, D Rafael"]
[Result "1/2-1/2"]
[WhiteElo "2270"]
[BlackElo "2385"]

1.d4 Nf6 2.Bg5 Ne4 3.h4 d5 4.Nd2 Bf5 5.e3 c6 6.Nxe4 Bxe4 7.f3 h6 8.Bf4 Bh7
9.c3 Qb6 10.Qb3 e6 11.Bxb8 Rxb8 12.Qxb6 axb6 13.Nh3 Bd6 14.Kf2 e5 15.dxe5 Bxe5
16.g4 b5 17.a3 Bc7 18.Nf4 O-O 19.Bh3 Rfe8 20.Ne2 Re5 21.Nd4 Rbe8 22.Rae1 Bd3
23.Bf1 Bxf1 24.Rhxf1 Bb6 25.Rg1 Bxd4 26.cxd4 R5e6 27.Re2 Kf8 28.Rge1 Ke7
29.e4 dxe4 30.fxe4 Kd6 31.Kf3 Ra8 32.Rc1 Ra4 33.Rd2 Re7 34.Rc3 Re8 35.Ke3 Rc4
36.Rcd3 Rc1 37.Rd1 Rxd1 38.Rxd1 Ra8 39.Rf1 Rf8 40.Rf5 Ke6 41.h5 Ke7 42.Re5+ Kd6
43.g5 Ra8 44.Rf5 Ke7 45.d5 g6 46.hxg6 fxg6 47.Re5+ Kd7 48.Re6 hxg5 49.Rxg6 cxd5
50.exd5 b4 51.axb4 Ra4 52.Rb6 Kc7 53.Rb5 Ra2 54.b3 Rb2 55.Kf3 Rxb3+ 56.Kg4 Kd6
57.Kxg5 Rd3 58.Rxb7 Rxd5+ 59.Kf4 Kc6 60.Rb8 Kc7 61.Re8 Rd4+ 62.Re4 Rd8 63.Ke3 Kc6  1/2-1/2

[Event "Bundesliga 8990"]
[Site "Germany"]
[Date "1990.??.??"]
[Round "?"]
[White "Franke, Heribert"]
[Black "Schmid, Guenter"]
[Result "1-0"]
[WhiteElo "2370"]
[BlackElo "2315"]

1.d4 Nf6 2.Bg5 Ne4 3.Bf4 d5 4.Nd2 Nxd2 5.Qxd2 Nd7 6.e3 e6 7.Nf3 Be7 8.Bd3 O-O
9.O-O Re8 10.c4 c6 11.Rac1 a5 12.Rfd1 Nf8 13.e4 Ng6 14.Bg3 dxc4 15.Bxc4 b5
16.Bf1 Bb4 17.Qc2 Bb7 18.h4 Rc8 19.h5 Nf8 20.Ne5 Bd6 21.Qb3 f6 22.Ng4 Bxg3
23.Qxg3 Kh8 24.h6 Ng6 25.hxg7+ Kxg7 26.e5 f5 27.Nf6 Rh8 28.Be2 Qe7 29.Bh5 Qf7
30.Rc5 Rhd8 31.Qg5 Qe7 32.Rd3 f4 33.g3 Rd5 34.gxf4  1-0

[Event "Groningen op"]
[Site "Groningen"]
[Date "1990.??.??"]
[Round "6"]
[White "Pomes Marcet, Juan"]
[Black "Zagema, Wieb"]
[Result "1-0"]
[WhiteElo "2420"]
[BlackElo "2330"]

1.d4 Nf6 2.Bg5 Ne4 3.Bf4 c5 4.f3 Qa5+ 5.c3 Nf6 6.d5 g6 7.e4 d6 8.Na3 Bg7
9.Nc4 Qc7 10.a4 O-O 11.Qd2 Bd7 12.Ne2 b5 13.axb5 Bxb5 14.Ng3 Nbd7 15.Nxd6 Bxf1
16.Ne8 Qb6 17.Nxf6+ Bxf6 18.Nxf1 Ne5 19.Ne3 Qb5 20.Bxe5 Bxe5 21.Qe2 Qb8 22.g3 f5
23.exf5 gxf5 24.Nc4 Bf6 25.f4 Qb7 26.Rd1 Rad8 27.O-O Kh8 28.Na5 Qb6 29.Nc6 Rd7
30.Rf2 Qb3 31.Qc2 Qa2 32.Qxf5 Rd6 33.Ne5 e6 34.Qh5 Kg7 35.dxe6 Qxe6 36.Rxd6 Qxd6
37.Ng4 Qe6 38.Nxf6 Rxf6 39.Re2 Qd6 40.Qg5+ Kf7 41.Qh5+ Kg7 42.Re5 c4 43.Qe2 Qb6+
44.Qf2 Qb7 45.Qc5 Qa6 46.Re7+ Rf7 47.Qe5+ Kg8 48.Re8+ Rf8 49.Qg5+ Kf7 50.Re7+  1-0

[Event "Groningen op"]
[Site "Groningen"]
[Date "1990.??.??"]
[Round "9"]
[White "Pomes Marcet, Juan"]
[Black "Nijboer, Friso"]
[Result "1-0"]
[WhiteElo "2420"]
[BlackElo "2485"]

1.d4 Nf6 2.Bg5 Ne4 3.Bf4 c5 4.f3 Nf6 5.dxc5 Nh5 6.Be3 e6 7.Nc3 f5 8.Qd2 Be7
9.O-O-O O-O 10.g4 fxg4 11.fxg4 Nf6 12.Bh3 b5 13.g5 b4 14.gxf6 bxc3 15.Qxc3 Bxf6
16.Bd4 Bxd4 17.Qxd4 Nc6 18.Qc3 Qh4 19.Kb1 Rb8 20.Bg2 Ne7 21.a3 Rf5 22.c6 dxc6
23.e4 Rf8 24.Qe5 Rb5 25.Qc3 Qf2 26.Rd2 Qe1+ 27.Ka2 Qh4 28.Nf3 Qf6 29.Qxf6 gxf6
30.c4 Rb8 31.Rd6 e5 32.Rg1 Kf7 33.Bf1 Ng6 34.Be2 Be6 35.b3 Rbc8 36.Rgd1 Ke7
37.h4 Rfd8  1-0

[Event "HUN-chop"]
[Site "Gyor"]
[Date "1990.??.??"]
[Round "5"]
[White "Naumann, Frank"]
[Black "Nikolaev, Sergej"]
[Result "0-1"]
[WhiteElo "2290"]
[BlackElo "2400"]

1.d4 Nf6 2.Bg5 Ne4 3.h4 c5 4.dxc5 Qa5+ 5.Nd2 e6 6.c3 Nxg5 7.hxg5 Qxc5 8.Ngf3 Nc6
9.Qc2 Qb6 10.O-O-O g6 11.Ne4 Be7 12.e3 d5 13.Nf6+ Bxf6 14.gxf6 Qd8 15.e4 Qxf6
16.exd5 exd5 17.Rxd5 Be6 18.Rd1 O-O 19.Qa4 h5 20.Be2 Rfe8 21.Rhe1 Bg4 22.Qb5 Re7
23.Bf1 Qf4+ 24.Kb1 Bxf3 25.gxf3 Qxf3 26.Qd3 Qxd3+ 27.Bxd3 Rd8 28.Rxe7 Nxe7
29.Kc2 Kg7 30.Re1 Nd5 31.Bc4 Rd7 32.b4 Nf4 33.a4 h4 34.Bb5 Rd5 35.Bc4 Rf5
36.Kd2 h3 37.Rh1 g5 38.Bf1 g4 39.Ke3 Ng2+ 40.Bxg2 hxg2 41.Rg1 Rf3+  0-1

[Event "HUN-chop"]
[Site "Gyor"]
[Date "1990.??.??"]
[Round "8"]
[White "Dezelin, Milan"]
[Black "Vladimirov, Boris T"]
[Result "1-0"]
[WhiteElo "2315"]
[BlackElo "2435"]

1.d4 Nf6 2.Bg5 Ne4 3.Bh4 c5 4.f3 g5 5.fxe4 gxh4 6.e3 Bh6 7.Kf2 Qb6 8.Nc3 cxd4
9.exd4 Qxb2 10.Nd5 Kd8 11.Rb1 Qxa2 12.Ra1 Qb2 13.Bc4 e6 14.Ra2 Qc1 15.Qxc1 Bxc1
16.Nb6 axb6 17.Rxa8 Nc6 18.Nf3 Bf4 19.Raa1 Rg8 20.c3 Bd6 21.Rae1 Be7 22.g3 d6
23.gxh4 Bd7 24.Rhg1 Rh8 25.Rg7 Ke8 26.Reg1 Kf8 27.h5 h6 28.R7g2 Bd8 29.Bb5 Bc8
30.Ke3 Na7 31.Bd3 Nc6 32.Rf2 Ne7 33.Ra2 Bd7 34.Ra8 Ke8 35.h4 Bc8 36.c4 Bd7
37.Rb1 Bc8 38.c5 dxc5 39.Bb5+ Kf8 40.Bd7 cxd4+ 41.Nxd4 Kg7 42.Rxc8 Nxc8 43.Bxc8 Be7
44.Bxe6 fxe6 45.Nxe6+ Kf7 46.Rxb6 Rc8 47.Nd4 Bc5 48.Rxb7+ Kf6 49.Rd7 Rc6
50.Kf4 Bxd4 51.Rxd4 Ke6 52.Rb4 Kd6 53.Rb7 Rc7  1-0

[Event "Hamburg-ch"]
[Site "Hamburg"]
[Date "1990.??.??"]
[Round "?"]
[White "Frank, Bjoern"]
[Black "Michaelsen, Nils"]
[Result "0-1"]
[WhiteElo "2330"]
[BlackElo "2285"]

1.d4 Nf6 2.Bg5 Ne4 3.Bh4 c5 4.f3 g5 5.fxe4 gxh4 6.e3 Bh6 7.Kf2 Qb6 8.Nc3 e6
9.Nf3 a6 10.Na4 Qc6 11.Nxc5 d6 12.Nb3 Qxe4 13.Qd3 Qg4 14.Be2 Nc6 15.Ne5 Qg5
16.Nxc6 bxc6 17.Bf3 Bd7 18.Qc3 Ke7 19.Rae1 Rhc8 20.Qd3 Qg6 21.Be4 Qg7 22.Nd2 Rab8
23.Qa3 f5 24.Bf3 f4 25.Nc4 fxe3+ 26.Kf1 Qxd4 27.b3 Rf8 28.Rd1 Qxd1+  0-1

[Event "Hamburg-ch"]
[Site "Hamburg"]
[Date "1990.??.??"]
[Round "?"]
[White "Frank, Bjoern"]
[Black "Voigt, Martin"]
[Result "0-1"]
[WhiteElo "2330"]
[BlackElo "2235"]

1.d4 Nf6 2.Bg5 Ne4 3.Bh4 g5 4.f3 gxh4 5.fxe4 Bh6 6.Kf2 e5 7.Nf3 d5 8.dxe5 dxe4
9.Qxd8+ Kxd8 10.Nxh4 Bc1 11.Nc3 e3+ 12.Kf3 Bxb2 13.Rd1+ Bd7 14.Ne4 Ke7 15.Kxe3 Bxe5
16.Nf3 Bg7 17.Nc5 Bc8 18.Kf2 b6 19.Nb3 Nc6 20.Nbd4 Nxd4 21.Nxd4 Bxd4+ 22.Rxd4 Be6
23.a3 c5 24.Rd2 Rad8 25.Ke1 Rxd2 26.Kxd2 Rd8+ 27.Kc1 c4 28.c3 Rd5 29.g3 Ra5
30.Bg2 Rxa3 31.Kb2 Rb3+ 32.Kc2 a5 33.Ra1 Kd6 34.Be4 h6 35.Ra2 Bg4 36.Bd3 cxd3+
37.Kxb3 dxe2 38.Ra1 Kd5 39.Kc2 b5 40.Kd3 a4 41.h3 Bf5+ 42.Kxe2 Kc4 43.Ra3 Bxh3
44.Kd2 Bf5 45.Kc1 Be4 46.Kb2 f5 47.Ra1 h5 48.Rc1 Kd3 49.Rd1+ Ke2 50.Rd8 Kf2
51.Rg8 Bf3 52.Ka3 Bg4 53.Kb4 Kxg3 54.Kxb5 f4  0-1

[Event "Kecskemet op"]
[Site "Kecskemet"]
[Date "1990.??.??"]
[Round "?"]
[White "Alekhina, Natalia V"]
[Black "Peric, Stevan"]
[Result "0-1"]
[WhiteElo "2215"]
[BlackElo "2205"]

1.d4 Nf6 2.Bg5 Ne4 3.Bh4 c6 4.Nd2 Qa5 5.c3 d5 6.e3 Nd7 7.Ngf3 Ndf6 8.Be2 Bf5
9.O-O e6 10.c4 h6 11.c5 g5 12.Bg3 Nxg3 13.hxg3 Nd7 14.a3 Bg7 15.b4 Qc7 16.b5 e5
17.Nb3 O-O 18.Qd2 Rfe8 19.Ra2 Bf6 20.a4 Kg7 21.Rfa1 Bg6 22.Ne1 h5 23.Nd3 Rh8
24.bxc6 bxc6 25.Nb4 a5 26.Nc2 Rhb8 27.Ra3 Rb7 28.Bd3 Bd8 29.Bxg6 fxg6 30.Re1 Rab8
31.Qc3 e4 32.Nd2 Nf6 33.Rb3 Rxb3 34.Nxb3 Ng4 35.Nd2 h4 36.Nf1 Qf7 37.Re2 Bc7
38.Qe1 Rh8 39.gxh4 Rxh4 40.f4 exf3 41.gxf3 Qxf3  0-1

[Event "Kuopio op"]
[Site "Kuopio"]
[Date "1990.??.??"]
[Round "?"]
[White "Nei, Iivo"]
[Black "Hintikka, Eero"]
[Result "1-0"]
[WhiteElo "2425"]
[BlackElo "2230"]

1.d4 Nf6 2.Bg5 Ne4 3.Bf4 d5 4.c3 Nc6 5.Nf3 Bf5 6.e3 e6 7.Bb5 f6 8.h3 g5 9.Bh2 Bd6
10.Qa4 Qd7 11.c4 Bxh2 12.Nxh2 dxc4 13.Qxc4 Kf7 14.O-O Na5 15.Bxd7 Nxc4 16.Rc1 Ke7
17.Bb5 Ncd6 18.Ba4 b5 19.Bb3 Ne8 20.a4 Rb8 21.f3 N4d6 22.e4 Bg6 23.Nd2 a5
24.Ng4 h5 25.Ne3 Bf7 26.Rc5 Kd8 27.Nc2 Rh7 28.axb5 Nxb5 29.Rxa5 Ned6 30.e5 fxe5
31.dxe5  1-0

[Event "Lloyds Bank op"]
[Site "London"]
[Date "1990.??.??"]
[Round "?"]
[White "Hodgson, Julian M"]
[Black "Pein, Malcolm"]
[Result "1-0"]
[WhiteElo "2540"]
[BlackElo "2420"]

1.d4 Nf6 2.Bg5 Ne4 3.h4 c5 4.dxc5 Qa5+ 5.Nd2 Nxg5 6.hxg5 g6 7.Rh4 Nc6 8.Rc4 Bg7
9.c3 Ne5 10.Nb3 Qc7 11.Rh4 a5 12.a4 b6 13.cxb6 Qxb6 14.Nf3 Nxf3+ 15.exf3 Qe6+
16.Re4 Qf5 17.Qd2 Bb7 18.O-O-O O-O 19.Rxe7 Bc6 20.Qe3 Rab8 21.Nd4 Qc5 22.Nxc6 Qxc6
23.Bb5 Qa8 24.Rdxd7 Rbd8 25.Qa7 Qc8 26.Qc7 Rxd7 27.Rxd7 Qe8 28.Re7 Qa8 29.Bc4 Kh8
30.Rxf7 Rc8 31.Qb7 Qxb7 32.Rxb7 Be5 33.Be6 Bf4+ 34.Kc2 Rd8 35.Rb5 Rd2+ 36.Kb3 Rxf2
37.Rxa5 h5 38.gxh6 Bc1 39.Kc4 Rxb2 40.g4 Bxh6 41.g5  1-0

[Event "Lyngby op"]
[Site "Lyngby"]
[Date "1990.??.??"]
[Round "6"]
[White "Andersen, Ib"]
[Black "Dunnington, Angus J"]
[Result "1-0"]
[WhiteElo "2210"]
[BlackElo "2370"]

1.d4 Nf6 2.Bg5 Ne4 3.Bh4 c5 4.f3 Qa5+ 5.c3 Nf6 6.d5 Qb6 7.b3 e6 8.Bxf6 gxf6
9.e4 Qa5 10.Ne2 b5 11.Nf4 h5 12.a4 c4 13.b4 Qc7 14.g3 h4 15.Bg2 a5 16.axb5 Bb7
17.bxa5 Rxa5 18.Nd2 Bh6 19.b6 Qc5 20.Rxa5 Qxa5 21.Qc2 Qc5 22.Ke2 Bxf4 23.gxf4 h3
24.Bf1 Na6 25.dxe6 fxe6 26.Qa4 Rg8 27.Qxc4 Qxb6 28.Qd4 Nc5 29.Bxh3 Ba6+ 30.Ke3 Qc7
31.Qxf6 Rf8 32.Qe5 Qb6 33.Qd4 Qb5  1-0

[Event "Miskolc"]
[Site "Miskolc"]
[Date "1990.??.??"]
[Round "6"]
[White "Arkhipov, Sergey"]
[Black "Fette, Martin"]
[Result "1-0"]
[WhiteElo "2475"]
[BlackElo "2370"]

1.d4 Nf6 2.Bg5 Ne4 3.Bh4 c5 4.Nd2 Nxd2 5.Qxd2 cxd4 6.Nf3 d6 7.Nxd4 g6 8.e4 Bg7
9.Be2 Nc6 10.c3 O-O 11.O-O Bd7 12.Nc2 Qa5 13.f4 Qb6+ 14.Ne3 f5 15.exf5 Bxf5
16.Kh1 Be6 17.Bf3 Rae8 18.Bd5 Bxd5 19.Nxd5 Qd8 20.Rad1 Qd7 21.Ne3 Rf7 22.Qd5 Rf8
23.h3 Kh8 24.Bg3 Nd8 25.Rfe1 Ne6 26.f5 gxf5 27.Nc4 f4 28.Bh4 Nc7 29.Qf3 Ne8
30.Na5 b6 31.Nc6 e6 32.Nd8 Rf5 33.Nxe6 Rg8 34.Qg4 Qf7  1-0

[Event "Novi Sad ol (Men)"]
[Site "Novi Sad"]
[Date "1990.??.??"]
[Round "8"]
[White "Tapaszto, Laszlo"]
[Black "Magem Badals, Jorge"]
[Result "1/2-1/2"]
[WhiteElo "2265"]
[BlackElo "2470"]

1.d4 Nf6 2.Bg5 Ne4 3.Bf4 d5 4.f3 Nf6 5.Nc3 e6 6.e4 Bb4 7.e5 Nfd7 8.Be3 c5
9.a3 Ba5 10.b4 cxd4 11.Bxd4 Bb6 12.f4 Nc6 13.Bxb6 Qxb6 14.Bd3 O-O 15.Qh5 g6
16.Qh4 f6 17.exf6 Nxf6 18.Nge2 Bd7 19.Na4 Qc7 20.O-O Rae8 21.Nc5 Bc8 22.Ng3 e5
23.f5 Qg7 24.Qg5 e4 25.Bb5 Re7 26.Bxc6 bxc6 27.c3 gxf5 28.Qxg7+ Kxg7 29.Nxf5+ Bxf5
30.Rxf5 e3 31.Re1 e2 32.h3 Rfe8 33.Kf2 Ne4+ 34.Nxe4 Rxe4 35.Rf3 R8e7 36.Kg1 a5
37.Kf2 axb4 38.axb4 Re8 39.Rf5 Kg6 40.Rf3 R8e7 41.Rf8 h5 42.g3 Rc4 43.Rf3 Rce4
44.Rf8  1/2-1/2

[Event "Paris-ch"]
[Site "Paris"]
[Date "1990.??.??"]
[Round "?"]
[White "Conquest, Stuart"]
[Black "Badii, Madjid"]
[Result "1-0"]
[WhiteElo "2465"]
[BlackElo "2275"]

1.d4 Nf6 2.Bg5 Ne4 3.Bf4 e6 4.Nd2 Nxd2 5.Qxd2 d5 6.Nf3 Bd6 7.g3 O-O 8.Bg2 Nd7
9.O-O b6 10.c4 Bb7 11.Qc2 Nf6 12.c5 bxc5 13.dxc5 Be7 14.Rfd1 c6 15.Ne5 Nd7
16.Nxd7 Qxd7 17.e4 Bf6 18.Bh3 Qd8 19.Be3 Qc7 20.f4 Rad8 21.e5 Be7 22.Bd4 Bc8
23.Bf1 f5 24.b4 g5 25.a4 gxf4 26.gxf4 Kh8 27.Kh1 Rg8 28.Be2 Rg7 29.b5 Rdg8
30.Bf3 a6 31.b6 Qd7 32.Rab1 Bh4 33.Qe2 Qf7 34.Bf2 Bd8 35.Qf1 Bb7 36.Qh3 Be7
37.Rbc1 Qf8 38.Rc2 Rg6 39.Rg1 Rxg1+ 40.Bxg1 Rxg1+ 41.Kxg1 Bxc5+ 42.Kg2 Qg7+
43.Qg3 Be3 44.Kf1 a5 45.Be2 Bd4 46.Rd2 Bc5 47.Rc2 Bb4 48.Qh4 Qe7 49.Qxe7 Bxe7
50.Bb5 c5 51.Bd7 c4 52.Bxe6 Bb4 53.Rg2 h6 54.Rg8+ Kh7 55.Rb8 Ba6 56.Ra8 c3+
57.Rxa6 c2 58.Bxf5+  1-0

[Event "Bohemians"]
[Site "Prague"]
[Date "1990.??.??"]
[Round "?"]
[White "Landenbergue, Claude"]
[Black "Schmidt, Wlodzimierz"]
[Result "1/2-1/2"]
[WhiteElo "2385"]
[BlackElo "2465"]

1.d4 Nf6 2.Bg5 Ne4 3.Bf4 d5 4.Nd2 Bf5 5.Nxe4 Bxe4 6.e3 e6 7.Nf3 Nd7 8.Bd3 Nf6
9.O-O Be7 10.Bxe4 Nxe4 11.Nd2 Nxd2 12.Qxd2 O-O 13.Rfe1  1/2-1/2

[Event "Prague Metro"]
[Site "Prague"]
[Date "1990.??.??"]
[Round "3"]
[White "Gerstner, Wolfgang"]
[Black "Dolezal, Martin"]
[Result "1/2-1/2"]
[WhiteElo "2340"]
[BlackElo "2315"]

1.d4 Nf6 2.Bg5 Ne4 3.Bf4 c5 4.f3 Qa5+ 5.c3 Nf6 6.Nd2 cxd4 7.Nb3 Qd8 8.cxd4 d5
9.Rc1 Nc6 10.e3 e6 11.Bd3 Nh5 12.Ne2 Nxf4 13.Nxf4 Bd6 14.Bb5 Bd7 15.O-O Qc7
16.g3 h5 17.Ne2 h4 18.Kg2 e5 19.Rh1 O-O-O 20.Nc5 Bxc5 21.Rxc5 Kb8 22.Nc3 Be6
23.Bxc6 bxc6 24.Qb3+ Ka8 25.Qa4 hxg3 26.Qxc6+ Qxc6 27.Rxc6 exd4 28.exd4 gxh2
29.Rxh2 Rxh2+ 30.Kxh2 Rb8 31.b3 Rb4 32.Ne2 Kb7 33.Rc3 a5 34.Kg3 a4 35.Kf4 f6
36.Ke3 g5 37.Nc1 Bf5 38.a3 axb3 39.Nxb3 Rb6 40.Nc5+ Ka7 41.Nd3 Re6+ 42.Kd2 Bxd3
43.Kxd3 Kb7 44.Rc5 Ra6 45.Rxd5 Rxa3+ 46.Ke4 Kc7 47.Rb5 Kd6 48.Rb6+ Ke7 49.Rb4 Kd6
50.Rb6+  1/2-1/2

[Event "Pula op"]
[Site "Pula"]
[Date "1990.??.??"]
[Round "9"]
[White "Dezelin, Milan"]
[Black "Arakhamia, Ketevan"]
[Result "0-1"]
[WhiteElo "2350"]
[BlackElo "2385"]

1.d4 Nf6 2.Bg5 Ne4 3.Bh4 d5 4.f3 Nd6 5.Nc3 g6 6.e4 c6 7.Qd2 Bg7 8.O-O-O b5
9.Kb1 b4 10.Na4 Qa5 11.b3 Nb5 12.Be1 Na6 13.Ne2 O-O 14.h4 dxe4 15.h5 exf3
16.gxf3 Bf5 17.hxg6 fxg6 18.Ng3 Na3+ 19.Kc1 Bxc2 20.Qh2 Bxd1 21.Qxh7+ Kf7
22.Bd3 Qg5+ 23.f4 Qg4 24.f5 Bf3 25.Rf1 Qf4+ 26.Bd2 Qxg3 27.Bxa6 gxf5 28.Qxf5+ Ke8
29.Qd3 Qg4 30.Bxb4 Nb5 31.Bxb5 cxb5 32.Qxb5+ Qd7 33.Qg5 Rc8+ 34.Kb2 Qxd4+
35.Ka3 Qf6 36.Qe3 Rf7 37.Qxa7 Ra8  0-1

[Event "Rome op"]
[Site "Rome"]
[Date "1990.??.??"]
[Round "7"]
[White "Testa, Armando"]
[Black "Lagrotteria, Salvatore"]
[Result "1-0"]
[WhiteElo "2220"]
[BlackElo "2295"]

1.d4 Nf6 2.Bg5 Ne4 3.Bf4 c5 4.f3 Qa5+ 5.c3 Nf6 6.d5 d6 7.e4 g6 8.a4 Bg7 9.Nd2 O-O
10.Bc4 Qc7 11.Ne2 Nbd7 12.O-O Ne5 13.Kh1 b6 14.g4 a6 15.Ng3 Rb8 16.Qe2 Nxc4
17.Nxc4 b5 18.axb5 axb5 19.Ne3 Nd7 20.Qg2 e5 21.Bg5 f6 22.Bh4 g5 23.Ngf5 gxh4
24.g5 h3 25.Qg3 fxg5 26.Qxg5 Nf6 27.Rg1 Bxf5 28.Nxf5 Rb7 29.Nxg7 Qxg7 30.Qh4 Kh8
31.Rxg7 Rxg7 32.Qxh3 Re7 33.Qh4 Ref7 34.Ra6 Ne8 35.Ra8 Rxf3 36.Qh5 Ng7 37.Qxf3 Rxa8
38.Qf6 h5 39.Qxd6 Ra2 40.Qb8+ Kh7 41.Qxb5 h4 42.Kg2 Kg6 43.Kh3  1-0

[Event "Rotterdam knok"]
[Site "Rotterdam"]
[Date "1990.??.??"]
[Round "1"]
[White "Piket, Marcel"]
[Black "Van der Sterren, Paul"]
[Result "1/2-1/2"]
[WhiteElo "2350"]
[BlackElo "2515"]

1.d4 Nf6 2.Bg5 Ne4 3.Bf4 d5 4.Nd2 Bf5 5.Nxe4 dxe4 6.e3 e6 7.Ne2 Nd7 8.c4 Bd6
9.Bxd6 cxd6 10.Nc3 O-O 11.Be2 a6 12.O-O Qb6 13.Qd2 Rfc8 14.Rfd1 h6 15.Rac1 Rab8
16.h3 Qd8 17.b4 Qg5 18.Kh2 Qh4 19.Qe1 Qe7 20.Qd2 Qh4 21.Qe1 Qe7  1/2-1/2

[Event "Tarrassa"]
[Site "Tarrassa"]
[Date "1990.??.??"]
[Round "8"]
[White "Georgiev, Kiril"]
[Black "Cramling, Pia"]
[Result "1-0"]
[WhiteElo "2605"]
[BlackElo "2470"]

1.d4 Nf6 2.Bg5 Ne4 3.Bf4 c5 4.f3 Qa5+ 5.c3 Nf6 6.d5 g6 7.e4 Bg7 8.Na3 O-O
9.Nc4 Qd8 10.d6 e6 11.a4 Nc6 12.Bg5 Qe8 13.Qd2 b6 14.Nh3 Ba6 15.Rd1 Qc8 16.Nf2 Bxc4
17.Bxc4 Na5 18.Qe2 Nxc4 19.Qxc4 Qc6 20.O-O Rfc8 21.Rfe1 a6 22.e5 Ne8 23.Ng4 b5
24.Qf4 Qb6 25.Bh6 Qd8 26.Re4 f5 27.exf6 Nxf6 28.Bxg7 Nxg4 29.fxg4 Kxg7 30.Rf1 c4
31.a5 Qxa5 32.Qf7+ Kh8 33.Qxd7 Rf8 34.Qe7 Qb6+ 35.Rd4 Rfe8 36.Qf6+ Kg8 37.d7 Red8
38.Qf7+ Kh8 39.Qe7  1-0